000 01248nam a2200325 a 4500
001 000042074
003 DO-SdBNP
005 20240301073829.0
007 ta
008 130607s2013 dr ac 000 0 spa d
020 _a9789945165371
040 _aDO-SdBNP
_bspa
_cBNPHU
082 4 _a972.93053
_bR139d, 2013
_222
100 1 _aRaful, Tony,
_d1951-
_91377
245 1 0 _aDe Trujillo a Fernández Domínguez y Caamaño :
_bel azar como categoría histórica 1930-1965 /
_cTony Raful.
250 _a4a. ed.
260 _aSanto Domingo :
_bEditora Búho,
_c2013.
300 _a397 p. :
_bil., fots., retrs. ;
_c26 cm.
500 _aIncluye datos biográficos del autor en las solapas
504 _aBibliografía: p. 393 -397
590 _aInventariado, 2022/MFF
600 1 0 _aTrujillo Molina, Rafael Leónidas,
_d 1891-1961
_976764
600 1 4 _aFernández Domínguez, Rafael Tomás,
_d1934-1965
_919048
600 1 4 _aCaamaño Deñó, Francisco Alberto.
_914288
651 4 _aRepública Dominicana
_xHistoria
_y1930-1961
_91301
651 4 _aRepública Dominicana
_xPolítica y gobierno
_y1930-1961
_9479
651 4 _aRepública Dominicana
_xHistoria
_yRevolución, 1965
_92167
910 _aValidado. Control de calidad MFF
942 _2ddc
_cLBS1
999 _c41563
_d41563